{"text_format":"3","workbook":"xlsx","n_sheets":1,"sheets":["装饰清单-标段2"],"not_rendered":{"defined_names":1},"read":"whole","date_system":"1900"}

{"sheet":"装饰清单-标段2","index":0,"n_rows":28,"n_cols":8,"rows_kept":28,"merged":[[0,0,0,7],[2,0,2,7],[4,0,4,2],[4,4,4,6],[5,0,5,7],[7,0,7,7],[9,0,9,2],[9,4,9,6],[10,0,10,7],[12,0,12,7],[14,0,14,2],[14,4,14,6],[15,0,15,7],[17,0,17,7],[19,0,19,2],[19,4,19,6],[20,0,20,7],[22,0,22,7],[24,0,24,2],[24,4,24,6],[25,0,25,2],[25,4,25,6]]}
["7#楼外墙装饰清单（7-1#、7-2#、7-3#学生宿舍）"]
["序号","项目名称","项目特征","单位","工程量","最高限价（元）","合计（元）","备注"]
["外墙装饰"]
[1,"外墙真石漆（含雨蓬底、悬挑底）","1.基层清理\n2.抹抗裂砂浆、挂玻纤网\n3.抹防水腻子两遍\n4.腻子打磨，喷底漆\n5.喷真石漆\n6.喷罩面漆","m2",8526.97,{"v":70,"d":"70.00"},{"$f":"ROUND(F4*E4,2)","v":596887.9}]
["小计",null,null,"元",{"$f":"SUM(G4)","v":596887.9}]
["8#楼外墙装饰清单（8-1#、8-2#、8-3#学生宿舍）"]
["序号","项目名称","项目特征","单位","工程量","最高限价（元）","合计（元）","备注"]
["外墙装饰"]
[1,"外墙真石漆（含雨蓬底、悬挑底）","1.基层清理\n2.抹抗裂砂浆、挂玻纤网\n3.抹防水腻子两遍\n4.腻子打磨，喷底漆\n5.喷真石漆\n6.喷罩面漆","m2",8526.97,{"v":70,"d":"70.00"},{"$f":"ROUND(F9*E9,2)","v":596887.9}]
["小计",null,null,"元",{"$f":"SUM(G9)","v":596887.9}]
["11#体育馆外墙装饰清单"]
["序号","项目名称","项目特征","单位","工程量","最高限价（元）","合计（元）","备注"]
["外墙装饰"]
[1,"外墙真石漆（含雨蓬底、悬挑底）","1.基层清理\n2.抹抗裂砂浆、挂玻纤网\n3.抹防水腻子两遍\n4.腻子打磨，喷底漆\n5.喷真石漆\n6.喷罩面漆","m2",3373.8,{"v":70,"d":"70.00"},{"$f":"ROUND(F14*E14,2)","v":236166}]
["小计",null,null,"元",{"$f":"SUM(G14)","v":236166}]
["配电房外墙装饰清单"]
["序号","项目名称","项目特征","单位","工程量","最高限价（元）","合计（元）","备注"]
["外墙装饰"]
[1,"外墙真石漆（含雨蓬底、悬挑底）","1.基层清理\n2.抹抗裂砂浆、挂玻纤网\n3.抹防水腻子两遍\n4.腻子打磨，喷底漆\n5.喷真石漆\n6.喷罩面漆","m2",294.44,{"v":70,"d":"70.00"},{"$f":"ROUND(F19*E19,2)","v":20610.8}]
["小计",null,null,"元",{"$f":"SUM(G19)","v":20610.8}]
["看台外墙装饰清单"]
["序号","项目名称","项目特征","单位","工程量","最高限价（元）","合计（元）","备注"]
["外墙装饰"]
[1,"外墙真石漆（含雨蓬底、悬挑底）","1.基层清理\n2.抹抗裂砂浆、挂玻纤网\n3.抹防水腻子两遍\n4.腻子打磨，喷底漆\n5.喷真石漆\n6.喷罩面漆","m2",1716.16,{"v":70,"d":"70.00"},{"$f":"ROUND(F24*E24,2)","v":120131.2}]
["小计",null,null,"元",{"$f":"SUM(G24)","v":120131.2}]
["合计",null,null,"元",{"$f":"SUM(E5,E10,E15,E20,E25)","v":1570683.8}]
[]
[{"$nulls":5},1570683.8]